| 000 | 00548pam a2200181 a 4500 | ||
|---|---|---|---|
| 020 | _a0470219556 (Wiley) | ||
| 020 | _a8122407943 (New Age International (P) Ltd. Publishers) | ||
| 040 | _cDLC | ||
| 082 | 0 | 0 | _a551 NEW 1995 A027 Or. |
| 100 | 1 | _aUpadhyay, D. S. | |
| 245 | 1 | 0 | _aCold climate hydrometeorology / |
| 260 |
_aNew York : _bWiley ; _aNew Delhi, India : _bNew Age International (P) Ltd. Publishers, _c1995. |
||
| 300 |
_avii, 345 p. : _bill. ; _c25 cm. |
||
| 650 | 0 | _aHydrometeorology. | |
| 650 | 0 | _aSnow. | |
| 650 | 0 | _aIce. | |
| 942 | _cEK | ||
| 999 |
_c13089 _d13089 |
||